000 00324nam a2200085Ia 4500
245 0 _aThe good and beautiful community : following the spirit, extending grace, demonstrating love
100 _a SMITH, James Bryan Cape Town [South Africa], 2011 1st ed
_986258
942 _cBK
008 210817s9999 xx 000 0 und d
999 _c328348
_d328347